000 00316nam a2200145Ia 4500
100 _aStallings/William
250 _a3
942 _cBK
654 _acryptography
245 _aCryptography and network security
260 _bPearson Education
_c2003
082 _a5.82
_bSTA
300 _a681
546 _aENGLISH
999 _c23710
_d23710